00609nam a2200193 a 4500001001300000003000900013005001700022008004100039020002300080082001900103100002700122245007400149260004900223300000800272500003500280505005100315650002200366700002700388nice12345678IN_TiNIC20260116013341.0050524s1985 alia grp 000 0 eng  a9679996 c10000a500.80297bHUS aHusaini, S Waqar Ahmed aIslamic Science and Public Policiesb Lessons from History of Science aAligarhbCentre for Studies on Sciencec1985 a73p aincludes index and biblioraphy2 aBibliography, Sources, Glossary, Abbreviations aIslam and Science1 aHusaini, S Waqar Ahmed